Altruism and Women's Oppression (Record no. 526543)
[ view plain ]
| 000 -CABECERA | |
|---|---|
| Campo de control de longitud fija | 00592nab a2200181Ia 4500 |
| 003 - IDENTIFICADOR DEL NÚMERO DE CONTROL | |
| Campo de control | ES-SlBCS |
| 005 - FECHA Y HORA DE LA ÚLTIMA TRANSACCIÓN | |
| Campo de control | 20210601125217.0 |
| 008 - CÓDIGOS DE INFORMACIÓN DE LONGITUD FIJA | |
| Campo de control de longitud fija | 140529s1973 xxu||||| |||| 00| 0 eng d |
| 041 ## - CÓDIGO DE LENGUA | |
| Código de lengua del texto/banda sonora o título independiente | eng |
| 100 1# - PUNTO DE ACCESO PRINCIPAL-NOMBRE DE PERSONA | |
| Nombre de persona | Blum, Lawrence |
| 9 (RLIN) | 155374 |
| 245 00 - MENCIÓN DE TÍTULO | |
| Título | Altruism and Women's Oppression |
| Mención de responsabilidad, etc. | Lawrence Blum, Marcia Homiak, Judy Housman, Naomi Scheman |
| 650 04 - PUNTO DE ACCESO ADICIONAL DE MATERIA-TÉRMINO DE MATERIA | |
| Término de materia o nombre geográfico como elemento inicial | Mujer-Opresión |
| 9 (RLIN) | 155375 |
| 700 1# - PUNTO DE ACCESO ADICIONAL-NOMBRE DE PERSONA | |
| Nombre de persona | Homiak, Marcia |
| 9 (RLIN) | 155376 |
| 700 1# - PUNTO DE ACCESO ADICIONAL-NOMBRE DE PERSONA | |
| Nombre de persona | Housman, Judy |
| 9 (RLIN) | 155377 |
| 700 1# - PUNTO DE ACCESO ADICIONAL-NOMBRE DE PERSONA | |
| Nombre de persona | Scheman, Naomi |
| 9 (RLIN) | 151910 |
| 773 0# - ENLACE AL DOCUMENTO FUENTE | |
| Título | Philosophical Forum (The) |
| Parte(s) relacionada(s) | vol. 5, nº. 1-2, 1973, págs. 222-247 |
| Número de control del registro relacionado | Rev833 |
| 942 ## - ENTRADA DE ELEMENTOS AGREGADOS (KOHA) | |
| Koha [por defecto] tipo de item | Artículos de revista |
| Suprimido | Perdido | Estropeado | No para préstamo | Localización permanente | Localización actual | Localización en estantería | Fecha adquisición | Préstamos totales | Fecha última consulta | Fecha del precio de reemplazo | Tipo de item de Koha |
|---|---|---|---|---|---|---|---|---|---|---|---|
| San Esteban | San Esteban | Depósito de revistas | 11/07/2014 | 11/07/2014 | 11/07/2014 | Artículos de revista |
